Responses for Show #7682 - Tuesday, January 23, 2018

Rachel Lindgren game 3.

Contestants

[<< previous game]

Katie Champagne, a graduate student from Reno, Nevada

Alex Schindele, an investment analyst from Jersey City, New Jersey

Rachel Lindgren, a fire lookout from Bend, Oregon (whose 2-day cash winnings total $42,201)

[next game >>]

Jeopardy! Round responses

WOMEN AUTHORS
SOUNDS, INTERESTING
HISTORIC LOSERS
PEPPERS
CHARACTERS' FULL NAMES
DOUBLE "D"s
    $200 19
dolphins

Rachel
    $200 11
the Spanish Armada

Alex
    $200 1
a bell pepper

Alex
    $200 13
Barbie

Rachel
    $200 6
swaddle

Katie
    $400 20
(Rachel: What is a [***]?)
[Originally ruled incorrect; ruled correct before Double Jeopardy!]

a Ski-Doo (or a snowmobile or skimobile)

RachelAlex
    $400 12
the Red Baron (or Baron Manfred von Richthofen)

Katie
    $400 2
a jalapeƱo

Alex
    $400 14
Chuck E. Cheese

Katie
    $400 7
Armageddon

Katie
    $600 21
aluminum

Rachel
    $600 16
Athens

Triple Stumper
    $600 3
the Santa Fe

Alex
    $600 15
the Wizard of Oz

Alex
    $600 8
middling

Katie
    $800 26
Divergent

Rachel
    $800 22
(Alex Trebek: With less than a minute to go.)

a kettledrum

Katie
    $800 17
Chiang Kai-Shek

Alex
    $800 4
habanero

Rachel
    $800 25
Cap'n Crunch

Alex
    $800 9
the Big Muddy

Triple Stumper
    $1000 27
[The end-of-round signal sounds.]

Jodi Picoult

Katie
    $1000 23
St. Paul's Cathedral

Triple Stumper
    $2,000 18
(Alex Trebek: Alex?)
(Alex Schindele: Who is... Henry VIII?)

Charles I

Alex
    $1000 5
cayenne pepper

Triple Stumper
    $1000 24
Milhouse

Alex
    $1000 10
the haddock

Alex

Scores at the first commercial break (after clue 15):

Rachel Alex Katie
$1,000 $3,000 $2,000

Scores at the end of the Jeopardy! Round:

Rachel Alex Katie
$3,000 $4,000 $3,800

Double Jeopardy! Round responses

A HISTORY OF VIOLINS
FOREIGN WORDS & PHRASES
SEAS OF THE WORLD
ANIMALS
QUESTIONABLE MOVIE TITLES
IN THE HOUSE OF LORDS
    $400 16
plucking the strings

Katie
    $400 2
the cherry tree

Rachel
    $400 18
the Bering Sea

Katie
    $400 1
a sloth

Alex
    $400 11
What's Love Got to Do With It?

Triple Stumper
    $800 17
Stradivarius

Alex
    $800 5
crescendo

Rachel
    $800 19
the Black Sea

Alex
    $3,400 3
a pig

Rachel
    $800 12
Are We There Yet?

Rachel
    $1200 23
Georgia

Katie
    $1200 8
(Rachel: What is mazel tov?)

L'chaim

Rachel
Triple Stumper
    $1200 20
the Red Sea

Katie
    $1200 4
(Alex: [*] is right, and that is an ugly--well, yeah.)
[Laughter]

mollusk

Katie
    $1200 13
Dude, Where's My Car?

Rachel
    $1600 24
Itzhak Perlman

Triple Stumper
    $1600 9
Doppelganger

Rachel
    $1600 21
the Irish Sea

Triple Stumper
    $1600 6
(Katie: What's an elephant?)

a giraffe

Katie
Triple Stumper
    $1600 14
O Brother, Where Art Thou?

Rachel
    $1600 27
[The end-of-round signal sounds.]

the Millennium Dome

Triple Stumper
    $1,000 25
(Alex Trebek: [Before Katie wagers] And we have less than a minute to go.)
...
(Katie: What are... notches?)

frets

Katie
    $2000 10
in flagrante delicto

Triple Stumper
    $2000 22
the Aral Sea

Rachel
    $2000 7
(Alex Schindele: What is an orca?)

a manatee

Alex
Triple Stumper
    $2000 15
What's New, Pussycat?

Triple Stumper
    $2000 26
advertising

Katie

Scores at the end of the Double Jeopardy! Round:

Rachel Alex Katie
$13,600 $4,000 $7,600

[wagering suggestions for these scores]

Final Jeopardy! Round responses

LITERARY BROTHERS
(Alex Trebek: [To Katie] You're on the right track.)
...
(Alex Trebek: [To Rachel] The character that was introduced was Sherlock's brother, [*].)
AlexWho is Karumoz
$0
KatieWho is Sherlock Holmes?
$4,400
RachelWho is Luigi
$1,601
Mycroft Holmes

Final scores:

Rachel Alex Katie
$11,999 $4,000 $3,200
3-day champion: $54,200 2nd place: $2,000 3rd place: $1,000

Game dynamics:

Coryat scores:

Rachel Alex Katie
$11,000 $6,000 $8,600
14 R
(including 1 DD),
1 W
13 R,
2 W
(including 1 DD)
13 R,
2 W
(including 1 DD)

Combined Coryat: $25,600

[game clues] [game scores] [suggest correction]

Game tape date: 2017-11-01
The J! Archive is created by fans, for fans. Scraping, republication, monetization, and malicious use prohibited; this site may use cookies and collect identifying information. See terms. The Jeopardy! game show and all elements thereof, including but not limited to copyright and trademark thereto, are the property of Jeopardy Productions, Inc. and are protected under law. This website is not affiliated with, sponsored by, or operated by Jeopardy Productions, Inc. Join the discussion at JBoard.tv.